| 000 | 03236nam0a2200337 i 4500 | ||
|---|---|---|---|
| 001 | RU\NLR\BIBL_A\010877658 | ||
| 005 | 20260407082020.0 | ||
| 010 |
_a9785000850329 _9120 |
||
| 021 |
_aRU _b2015-75518 _94556 |
||
| 035 | _a(NILC)RuMoRGB-008032330 | ||
| 035 | _a(NLR Aleph) 010877658 | ||
| 090 |
_a10488754 _c10488754 |
||
| 100 | _a20151029d2015 k y0rusy50 ca | ||
| 101 | 0 | _arus | |
| 102 | _aRU | ||
| 105 | _aah z 000yy | ||
| 200 | 1 |
_aНаучно-практические аспекты предупреждения и ликвидации разливов нефти и нефтепродуктов _e[сборник] _fМ-во Рос. Федерации по делам гражд. обороны, чрезвычайным ситуациям и ликвидации последствий стихийных бедствий (МЧС России), Группа компаний "Устойчивое развитие регионов", Федер. гос. бюджет. учреждение науки "Ин-т машиностроения им. А. А. Благонравова" Рос. акад. наук, Пилотный проект МЧС России "Комплексная подготовка и аттестация персонала опасных произв. объектов (ОПО) в обл. безопасности труда и спасателей" _g[под ред. Ю. В. Боброва и Ю. Г. Матвиенко] |
|
| 210 |
_aМосква _cИМАШ РАН _d2015 |
||
| 215 |
_a321 с. _cил., цв. ил., факс. _d22 |
||
| 606 |
_aОкружающая среда _jСъезды, совещания и т.п _xЗагрязнение нефтепродуктами _91605840 _3RU\NLR\AUTH\66707195 |
||
| 675 | _a622 | ||
| 686 | 1 | _aЛ540.9я431 | |
| 702 | 1 |
_aБобров _bЮ. В. _gЮрий Васильевич _4340 |
|
| 711 | 1 | 2 |
_aВсероссийский форум на тему "Единая государственная система предупреждения и ликвидации чрезвычайных ситуаций и МЧС России. Новые подходы МЧС России к координации и контролю деятельности персонала опасных производственных объектов (ОПО) по предупреждению и ликвидации разливов нефти и нефтепродуктов в свете решений Совета безопасности РФ от 03.07.2015., Указа Президента РФ N°135 от 10 марта 2014 года и Постановления Правительства РФ N°1189 от 14 ноября 2014 года" _eМосква _f2015 _9490273 _3RU\NLR\AUTH\880412431 |
| 712 | 0 | 1 |
_4570 _aРоссийская Федерация _bМинистерство по делам гражданской обороны, чрезвычайным ситуациям и ликвидации последствий стихийных бедствий _3RU\NLR\AUTH\887449 _9287026 |
| 801 | 0 |
_aRU _bРГБ _c20151001 _gRCR |
|
| 801 | 1 |
_aRU _bРГБ _c20151001 _2rusmarc |
|
| 942 | _cBOOK | ||
| 980 | _aNBR | ||